MARC

LEADER 00000nam0a2200000 4500
001 265395
005 20231101233922.0
035 |a (RuTPU)RU\TPU\book\288396 
035 |a RU\TPU\book\117403 
090 |a 265395 
100 |a 20140626d1969 km y0rusy50 ca 
101 0 |a rus 
102 |a LT 
105 |a a z 101zy 
200 1 |a Тонкие пленки и их применение  |e материалы II республиканской конференции, Вильнюс, 2-4 декабря 1968 г.  |f Академия наук Литовский ССР, Институт физики полупроводников; отв. ред. В. Б. Толутис 
210 |a Вильнюс  |c [Б. и.]  |d 1969 
215 |a 289 с.  |c ил. 
320 |a Библиография в конце статей 
606 1 |a Пленки тонкие  |x Исследование  |x (твердые тела)  |2 stltpush  |3 (RuTPU)RU\TPU\subj\71990  |9 85637 
610 1 |a конференции 
610 1 |a тонкие пленки 
610 1 |a применение 
610 1 |a электрическое поле 
610 1 |a электрофизические свойства 
610 1 |a проводимость 
610 1 |a фотопроводимость 
610 1 |a p-n переходы 
610 1 |a технология 
610 1 |a получение 
675 |a 539.216.2(063)  |v 3 
702 1 |a Толутис  |b В. Б.  |4 340 
712 0 2 |a Академия наук Литовский ССР  |b Институт физики полупроводников  |2 stltpush  |3 (RuTPU)RU\TPU\col\12038  |9 25328 
712 1 2 |a Тонкие пленки и их применение  |b конференция  |d 1  |d 2  |e Вильнюс  |f 1968 
801 1 |a RU  |b 63413507  |c 20070124  |g PSBO 
801 2 |a RU  |b 63413507  |c 20140715  |g PSBO 
942 |c BK